UBT Library

Statistics for business and economics / (Record no. 1191)

000 -LEADER
fixed length control field 00629nam a22002177a 4500
008 - FIXED-LENGTH DATA ELEMENTS--GENERAL INFORMATION
fixed length control field 150930b xxu||||| |||| 00| 0 eng d
020 ## - INTERNATIONAL STANDARD BOOK NUMBER
International Standard Book Number 002439730X
041 0# - LANGUAGE CODE
Language code of text/sound track or separate title eng
080 ## - UNIVERSAL DECIMAL CLASSIFICATION NUMBER
Universal Decimal Classification number 311.42
100 1# - Rafti
Rafti McClave, James T.
245 10 - TITLE STATEMENT
Title Statistics for business and economics /
Statement of responsibility, etc es T. McClave, P. George Benson, Terry Sincich.
250 ## -
-- 4th ed.
260 ## -
-- San Francisco:
-- Dellen publishing company;
-- 1988.
300 ## -
-- 1267 f.:
-- me il.;
-- 25 cm.
650 #0 -
-- Statistika për biznes
650 #0 -
-- Ekonomi
650 #0 -
-- Statistikë
700 1# -
-- Benson, P. George,
700 1# -
-- Sincich, Terry.
942 ## - ADDED ENTRY ELEMENTS (KOHA)
Source of classification or shelving scheme
Item type Books
Holdings
Withdrawn status Lost status Source of classification or shelving scheme Damaged status Not for loan Collection code Permanent location Current location Shelving location Date acquired Total Checkouts Full call number Barcode Date last seen Price effective from Koha item type
          Koleksioni i përgjithshem UBT - Lipjan UBT - Lipjan Koleksioni i përgjithshem 09/30/2015   311.42 MCC 002-008052 09/30/2015 09/30/2015 Books
UBT Library © 2015-2024. All rights reserved University Education for Business and Technology